| 000 | 00879nam a2200265 a 4500 | ||
|---|---|---|---|
| 001 | BRCA_6810 | ||
| 005 | 20190320205612.0 | ||
| 008 | 081208s1952----nyua######---#000-0#eng-# | ||
| 041 | _aeng | ||
| 044 | _anyu | ||
| 050 | 4 |
_aND813.R5 _b.T73 1952 |
|
| 100 | 1 |
_aTrapier, Elizabeth du Gué _916982 |
|
| 245 | 1 | 0 |
_aRibera _cby Elizabeth du Gué Trapier. |
| 260 |
_aNueva York _bOrder of the Trustees _c1952 |
||
| 300 |
_axiii, 306 p. _bil. _c27 cm. |
||
| 440 | 0 |
_aHispanic Notes & Monographs: essays, studies, and brief biographies issued by The Hispanic Society of America. Peninsular series _916983 |
|
| 500 | _aIncluye índice alfabético | ||
| 500 | _aN22 | ||
| 504 | _aBibliografía: p. 286-296 | ||
| 600 | 1 | 4 |
_aRibera, José de _d1591-1652 _96760 |
| 650 | 1 | 4 |
_aPintores españoles _97620 |
| 710 | 2 |
_aHispanic Society of America _916984 |
|
| 902 | _aGFM | ||
| 942 |
_2lcc _cB |
||
| 999 |
_c6493 _d6493 |
||